Olympique Marseille all time xi - Statistics

General Stats
  • This quiz has been taken 27 times
  • The average score is 3 of 11
Answer Stats
Hint Answer % Correct
GK(France) Steve Mandanda
87%
MF(France) Dimitri Payet
70%
FW(France) Jean-Pierre Papin
48%
DF(France) Éric Di Meco
26%
FW(Sweden) Gunnar Andersson
26%
MF(France) Benoît Cheyrou
13%
FW(France) Mathieu Valbuena
13%
DF(France) Marius Trésor
9%
DF(France) François Bracci
0%
DF(France) Jules Zvunka
0%
MF(France) Roger Scotti
0%
No matching quizzes found
Score Distribution
Percent of People with Each Score
Percentile by Number Answered
Your Score History
You have not taken this quiz